Ч. 1; Курс лекций по общей геологии

Détails bibliographiques
Parent link:Курс лекций по общей геологии: учебник/ В. Н. Сальников; Национальный исследовательский Томский политехнический университет (ТПУ). Ч. 1.— 2-е изд., испр. и доп..— , 2016.— 978-5-4387-0726-4
Résumé:В лекциях кратко изложены основные проблемы и вопросы геологии и её со­ставных частей: минералогии, петрографии, литологии, геодинамической геологии, геохронологии. Рассмотрены эндогенные и экзогенные процессы, магматизм, фор­мирование интрузивных и эффузивных пород, их выветривание, перенос и переот­ложение разрушенных продуктов. Представлена геологическая деятельность по­верхностных текучих вод, рек, подземных вод, морей, озёр, болот и ледников. По­дробно описаны стадии образования и изменения осадочных горных пород, мета­морфизм и метасоматоз. Большое внимание уделено складчатым и разрывным нарушениям горных пород, колебательным движениям земной коры, неотектонике, где затронуты вопросы геодинамических явлений (землетрясения, цунами) и воз­можные способы их прогнозирования. Даны основы самоорганизации геологиче­ских процессов, жизни на Земле и эволюции косной и живой материи. Учебник предназначен для студентов геологических специальностей, а также может быть полезен преподавателям и аспирантам геологических факультетов и ин­ститутов.
Langue:russe
Publié: 2016
Sujets:
Format: Livre
KOHA link:https://koha.lib.tpu.ru/cgi-bin/koha/opac-detail.pl?biblionumber=334855

MARC

LEADER 00000nam2a2200000 4500
001 334855
005 20231102004709.0
010 |a 9785438707271 
035 |a (RuTPU)RU\TPU\book\361153 
090 |a 334855 
100 |a 20170907d2016 m y0rusy50 ca 
101 0 |a rus 
102 |a RU 
105 |a a j 000zy 
200 0 |a Ч. 1 
210 |d 2016 
215 |a 384 с.  |c ил. 
320 |a Библиогр. в конце гл. 
330 |a В лекциях кратко изложены основные проблемы и вопросы геологии и её со­ставных частей: минералогии, петрографии, литологии, геодинамической геологии, геохронологии. Рассмотрены эндогенные и экзогенные процессы, магматизм, фор­мирование интрузивных и эффузивных пород, их выветривание, перенос и переот­ложение разрушенных продуктов. Представлена геологическая деятельность по­верхностных текучих вод, рек, подземных вод, морей, озёр, болот и ледников. По­дробно описаны стадии образования и изменения осадочных горных пород, мета­морфизм и метасоматоз. Большое внимание уделено складчатым и разрывным нарушениям горных пород, колебательным движениям земной коры, неотектонике, где затронуты вопросы геодинамических явлений (землетрясения, цунами) и воз­можные способы их прогнозирования. Даны основы самоорганизации геологиче­ских процессов, жизни на Земле и эволюции косной и живой материи. Учебник предназначен для студентов геологических специальностей, а также может быть полезен преподавателям и аспирантам геологических факультетов и ин­ститутов. 
461 1 |0 (RuTPU)RU\TPU\book\361384  |y 978-5-4387-0726-4  |t Курс лекций по общей геологии  |o учебник  |f В. Н. Сальников  |g Национальный исследовательский Томский политехнический университет (ТПУ)  |v Ч. 1  |e 2-е изд., испр. и доп.  |d 2016 
606 1 |a Геология  |2 stltpush  |3 (RuTPU)RU\TPU\subj\6095  |9 34054 
610 1 |a учебники 
610 1 |a лекции 
610 1 |a минералы 
610 1 |a химические свойства 
610 1 |a физические свойства 
610 1 |a геохронология 
610 1 |a геологические процессы 
610 1 |a экзогенные процессы 
610 1 |a гидрология 
610 1 |a подземные воды 
610 1 |a моря 
610 1 |a озера 
610 1 |a болота 
610 1 |a ледники 
610 1 |a осадочные горные породы 
610 1 |a неотектоника 
610 1 |a колебательные движения 
610 1 |a труды учёных ТПУ 
675 |a 55(075.8)  |v 4 
801 1 |a RU  |b 63413507  |c 20170907 
801 2 |a RU  |b 63413507  |c 20170918  |g RCR 
942 |c BK